Normal view
MARC view
- Vecsey, George.
Entry Personal Name
001 - CONTROL NUMBER
- control field: 7656
003 - CONTROL NUMBER IDENTIFIER
- control field: NUST
005 - DATE AND TIME OF LATEST TRANSACTION
- control field: 20171227104929.0
008 - FIXED-LENGTH DATA ELEMENTS
- fixed length control field: 171227|| aca||aabn | a|a d
040 ## - CATALOGING SOURCE
- Original cataloging agency: NUST
- Transcribing agency: NUST
100 ## - HEADING--PERSONAL NAME
- Personal name: Vecsey, George.
670 ## - SOURCE DATA FOUND
- Source citation: Work cat.: (NUST)0: Wu, Hongda Harry. 7651, Troublemaker :, 1996.
